[Event "Valasska Bystrice op 11th"]
[Site "Valasska Bystrice"]
[Date "2019.09.10"]
[Round "5"]
[White "Bartosek, Ivan"]
[Black "Uhlir, Jiri"]
[Result "1-0"]
[WhiteElo "1705"]
[BlackElo "1865"]
[PlyCount "81"]
[EventDate "2019.09.07"]
[EventType "swiss"]
[EventRounds "9"]
[EventCountry "CZE"]
[SourceTitle "EXT 2020"]
[Source "ChessBase"]
[SourceDate "2019.10.17"]
[SourceVersion "1"]
[SourceVersionDate "2019.10.17"]
[SourceQuality "1"]

1. d4 Nf6 2. c4 e6 3. Nc3 Bb4 4. a3 Bxc3+ 5. bxc3 d5 6. Bg5 c6 7. f3 Nbd7 8. e4 dxe4 9. fxe4 Qa5 10. e5 Ne4 11. Bd2 Nxd2 12. Qxd2 0-0 13. Bd3 f6 14. Qc2 h6 15. exf6 Rxf6 16. Nf3 e5 17. 0-0 exd4 18. cxd4 Qh5 19. Rae1 Nf8 20. Re5 Qf7 21. Rfe1 Bg4 22. Re7 Qh5 23. R1e5 g5 24. Bh7+ Kh8 25. Be4 Rf7 26. Re8 Rxe8 27. Rxe8 Kg7 28. Ne5 Rc7 29. Ra8 Bd1 30. Qf2 Ne6 31. Qf5 Re7 32. Qh7+ Kf6 33. Qh8+ Ng7 34. Qf8+ Ke6 35. Qc8+ Kf6 36. Nd7+ Ke6 37. Nc5+ Kf6 38. Nd7+ Ke6 39. d5+ cxd5 40. Bxd5+ Kd6 41. Qb8+ 1-0

[Event "Valasska Bystrice op 11th"]
[Site "Valasska Bystrice"]
[Date "2019.09.08"]
[Round "3"]
[White "Bartosek, Ivan"]
[Black "Vagner, Ladislav"]
[Result "1-0"]
[WhiteElo "1705"]
[BlackElo "1928"]
[PlyCount "88"]
[EventDate "2019.09.07"]
[EventType "swiss"]
[EventRounds "9"]
[EventCountry "CZE"]
[SourceTitle "EXT 2020"]
[Source "ChessBase"]
[SourceDate "2019.10.17"]
[SourceVersion "1"]
[SourceVersionDate "2019.10.17"]
[SourceQuality "1"]

1. d4 d5 2. c4 e6 3. c5 e5 4. e3 e4 5. b4 Nf6 6. a3 Be7 7. f3 exf3 8. Nxf3 0-0 9. Bd3 Ne4 10. Bxe4 dxe4 11. Nfd2 f5 12. 0-0 Be6 13. Nc3 c6 14. Ne2 a5 15. Qa4 g5 16. b5 b6 17. cxb6 Qxb6 18. Nc3 cxb5 19. Qxb5 Qc7 20. Bb2 Na6 21. Rac1 Rfb8 22. Nd5 Qd6 23. Nxe7+ Qxe7 24. Qc6 Rc8 25. Qa4 Nc7 26. Nc4 Nd5 27. Rfe1 Ra7 28. Ne5 Rxc1 29. Rxc1 Rb7 30. Bc3 Nxe3 31. Qxa5 Nd5 32. Qa8+ Kg7 33. Nc6 Qd7 34. Nd8 Rc7 35. Bd2 Rxc1+ 36. Bxc1 Nc7 37. Nxe6+ Nxe6 38. d5 Nd8 39. Bxg5 Qc7 40. Qxd8 Qc5+ 41. Kf1 Qc4+ 42. Kf2 Qc2+ 43. Kg3 e3 44. Qe7+ Kg8 1-0

[Event "Valasska Bystrice op 11th"]
[Site "Valasska Bystrice"]
[Date "2019.09.08"]
[Round "2"]
[White "Glacner, Karel"]
[Black "Bartosek, Ivan"]
[Result "0-1"]
[WhiteElo "1515"]
[BlackElo "1705"]
[PlyCount "82"]
[EventDate "2019.09.07"]
[EventType "swiss"]
[EventRounds "9"]
[EventCountry "CZE"]
[SourceTitle "EXT 2020"]
[Source "ChessBase"]
[SourceDate "2019.10.17"]
[SourceVersion "1"]
[SourceVersionDate "2019.10.17"]
[SourceQuality "1"]

1. e4 e5 2. f4 exf4 3. Nf3 d6 4. d4 g5 5. g3 g4 6. Nh4 fxg3 7. hxg3 Nf6 8. Bg5 h6 9. Ng2 Bg7 10. Bh4 b6 11. Nc3 Qd7 12. Qd2 Bb7 13. Bxf6 Bxf6 14. 0-0-0 Bg5 15. Nf4 Nc6 16. Kb1 0-0-0 17. Qf2 f5 18. d5 Ne5 19. Ne6 fxe4 20. Bb5 Qe7 21. Qf5 Kb8 22. Nxe4 Rc8 23. Nd4 Bxd5 24. Ba6 Rcf8 25. Qxf8+ Rxf8 26. Rhe1 Qf7 27. Nc3 Bf3 28. Nxf3 gxf3 29. Ne4 Ng4 30. Rc1 f2 31. Nxg5 hxg5 32. Rh1 c6 33. Rcd1 b5 34. b3 d5 35. a4 Ne3 36. Rc1 f1Q 37. axb5 Qg2 38. Rhg1 Qgf2 39. bxc6 Nxc2 40. Rcf1 Na3+ 41. Ka1 Q7f6# 0-1

[Event "Valasska Bystrice op"]
[Site "Valasska Bystrice"]
[Date "2016.09.14"]
[Round "6"]
[White "Oktavec, Ivan"]
[Black "Bartosek, Ivan"]
[Result "0-1"]
[WhiteElo "1633"]
[BlackElo "1755"]
[PlyCount "52"]
[EventDate "2016.09.10"]
[EventType "swiss"]
[EventRounds "9"]
[EventCountry "CZE"]
[SourceTitle "CBM 174 Extra"]
[Source "ChessBase"]
[SourceDate "2016.10.10"]
[SourceVersion "1"]
[SourceVersionDate "2016.10.10"]
[SourceQuality "1"]

1. d4 e6 2. Bf4 d5 3. e3 c5 4. c3 c4 5. Nf3 Nc6 6. Nbd2 b5 7. Be2 Nf6 8. Ne5 Nxe5 9. Bxe5 Be7 10. 0-0 0-0 11. Qc2 Bd7 12. f4 a5 13. Bxf6 Bxf6 14. Bf3 Ra6 15. e4 Bc6 16. exd5 exd5 17. Bg4 b4 18. b3 bxc3 19. Qxc3 Qb6 20. Nf3 Qb8 21. Rab1 Qb4 22. Qxb4 axb4 23. Ne5 Bxe5 24. fxe5 Rxa2 25. bxc4 dxc4 26. e6 Rxg2+ 0-1

[Event "Valasska Bystrice op"]
[Site "Valasska Bystrice"]
[Date "2016.09.11"]
[Round "3"]
[White "Bartosek, Ivan"]
[Black "Slavinsky, Rostislav"]
[Result "0-1"]
[WhiteElo "1755"]
[BlackElo "2075"]
[PlyCount "94"]
[EventDate "2016.09.10"]
[EventType "swiss"]
[EventRounds "9"]
[EventCountry "CZE"]
[SourceTitle "CBM 174 Extra"]
[Source "ChessBase"]
[SourceDate "2016.10.10"]
[SourceVersion "1"]
[SourceVersionDate "2016.10.10"]
[SourceQuality "1"]

1. e4 d6 2. f4 Nf6 3. e5 Bg4 4. Nf3 dxe5 5. fxe5 Nfd7 6. d4 c5 7. Bc4 e6 8. c3 Nc6 9. Be3 Rc8 10. 0-0 Be7 11. Qe1 cxd4 12. cxd4 Bxf3 13. Rxf3 Nxd4 14. Bxd4 Rxc4 15. Bxa7 Qc7 16. Nd2 Rc2 17. Bd4 Bb4 18. Rd1 0-0 19. Rd3 Nb6 20. a3 Bxd2 21. R3xd2 Nd5 22. h3 Rc8 23. Kh2 Rxd2 24. Qxd2 Qc2 25. Bc3 Qxd2 26. Rxd2 Kf8 27. Bd4 Ke7 28. b4 Rc4 29. Bc5+ Ke8 30. Rb2 b5 31. Rf2 Rc3 32. Ra2 Rb3 33. Bd6 Nc3 34. Ra1 Rb1 35. Rxb1 Nxb1 36. Kg3 Nxa3 37. Kf4 Kd7 38. Ke4 Nc4 39. Bc5 Nd2+ 40. Kd3 Nc4 41. Kd4 Kc6 42. Bf8 g6 43. Bh6 Na3 44. Bc1 Nc2+ 45. Kc3 Ne1 46. g3 Kd5 47. Bf4 Nf3 0-1

[Event "Vsetin op 40th"]
[Site "Vsetin"]
[Date "2015.07.10"]
[Round "8"]
[White "Bartosek, Ivan"]
[Black "Gresova, Zuzana"]
[Result "1-0"]
[WhiteElo "1827"]
[BlackElo "1778"]
[PlyCount "77"]
[EventDate "2015.07.04"]
[EventType "swiss"]
[EventRounds "9"]
[EventCountry "CZE"]
[SourceTitle "CBM 167 Extra"]
[Source "ChessBase"]
[SourceDate "2015.09.14"]
[SourceVersion "1"]
[SourceVersionDate "2015.09.14"]
[SourceQuality "1"]

1. e4 c5 2. c3 d5 3. e5 d4 4. cxd4 cxd4 5. Bc4 Nc6 6. f4 e6 7. Nf3 Nge7 8. a3 Nd5 9. d3 Be7 10. 0-0 0-0 11. Bxd5 Qxd5 12. b4 a5 13. bxa5 Nxa5 14. Nbd2 Bd7 15. a4 Rfc8 16. Ba3 Bxa3 17. Rxa3 Rc3 18. Qa1 Rac8 19. Ne4 Rxa3 20. Qxa3 Bc6 21. Rc1 Rd8 22. Rb1 Nc4 23. Qe7 Re8 24. Qc7 Qd8 25. Qxd8 Rxd8 26. Rb4 Na5 27. Nxd4 Bxe4 28. dxe4 h6 29. f5 exf5 30. exf5 Nc6 31. Nxc6 bxc6 32. Kf2 c5 33. Re4 Kf8 34. Ke3 Ke7 35. Rc4 Rc8 36. Ke4 f6 37. Kd5 fxe5 38. Kxe5 Kf7 39. Kd5 1-0

[Event "Valasska Bystrice op"]
[Site "Valasska Bystrice"]
[Date "2014.09.14"]
[Round "3"]
[White "Klima, Martin"]
[Black "Bartosek, Ivan"]
[Result "1/2-1/2"]
[WhiteElo "1638"]
[BlackElo "1832"]
[PlyCount "39"]
[EventDate "2014.09.13"]
[EventType "swiss"]
[EventRounds "9"]
[EventCountry "CZE"]
[SourceTitle "CBM 162 Extra"]
[Source "ChessBase"]
[SourceDate "2014.10.17"]
[SourceVersion "1"]
[SourceVersionDate "2014.10.17"]
[SourceQuality "1"]

1. c4 e6 2. Nc3 d5 3. cxd5 exd5 4. d4 c5 5. Nf3 Nc6 6. e3 Nf6 7. Be2 c4 8. 0-0 Bb4 9. a3 Ba5 10. Qc2 0-0 11. b4 Bc7 12. b5 Na5 13. Ra2 Nb3 14. a4 Nxc1 15. Rxc1 Re8 16. g3 Qd6 17. Nh4 Bg4 18. Ng2 g5 19. Bxg4 Nxg4 20. Qf5 1/2-1/2

[Event "Plzen op"]
[Site "Plzen"]
[Date "2012.08.21"]
[Round "5"]
[White "Piankov, Evgenij"]
[Black "Bartosek, Ivan"]
[Result "1-0"]
[WhiteElo "2338"]
[BlackElo "1941"]
[PlyCount "71"]
[EventDate "2012.08.18"]
[EventType "swiss"]
[EventRounds "9"]
[EventCountry "CZE"]
[SourceTitle "CBM 150 Extra"]
[Source "ChessBase"]
[SourceDate "2012.10.19"]
[SourceVersion "1"]
[SourceVersionDate "2012.10.19"]
[SourceQuality "1"]

1. d4 e6 2. Nf3 d5 3. c4 Nf6 4. Qc2 b6 5. Bg5 Be7 6. e3 Bb7 7. Nbd2 Nbd7 8. Bd3 h6 9. Bh4 0-0 10. 0-0 c5 11. Rfd1 dxc4 12. Bxc4 cxd4 13. exd4 Rc8 14. Qb3 Nd5 15. Bg3 N7f6 16. h3 Bd6 17. Ne5 Nh5 18. Bh2 Ndf4 19. Bf1 Bb8 20. g4 Bxe5 21. dxe5 Qg5 22. Nf3 Qg6 23. Rd4 f5 24. Bxf4 Nxf4 25. Rxf4 fxg4 26. Nh4 Qe8 27. Rxf8+ Kxf8 28. hxg4 Bd5 29. Qd3 Rc4 30. Qg3 Rb4 31. Bg2 g5 32. Bxd5 gxh4 33. Qf3+ Kg8 34. Be4 Rxb2 35. Qf6 Rb4 36. Rd1 1-0